[Event "IECC CL5-2003.21 email"]
[Site "IECC email"]
[Date "2003.10.12"]
[Round "?"]
[White "Van Alphen, John"]
[Black "Butcher, Amanda"]
[Result "1-0"]
[WhiteElo "1510"]
[BlackElo "1400"]
[PlyCount "29"]
[EventDate "2003.??.??"]
[EventType "tourn (corr)"]
[EventRounds "4"]
[SourceTitle "Corr 2008"]
[Source "ChessBase"]
[SourceDate "2008.06.24"]
[SourceVersion "1"]
[SourceVersionDate "2008.06.24"]
[SourceQuality "1"]

1. e4 e5 2. Nf3 Nc6 3. Nc3 Bc5 4. Nxe5 Nxe5 5. d4 Bb4 6. dxe5 Bc5 7. Qf3 Qe7 8. Bc4 Nh6 9. Bxh6 gxh6 10. Nd5 Qg5 11. Nxc7+ Ke7 12. Qxf7+ Kd8 13. Ne6+ dxe6 14. Rd1+ Bd7 15. Qxd7# 1-0